La inmunogenicidad de antigenos de Nocardia brasiliensis en ratones BALB/c (Registro nro. 130927)
[ vista simple ]
| 001 - NÚMERO DE CONTROL | |
|---|---|
| campo de control | 560823 |
| 005 - FECHA Y HORA DE LA ÚLTIMA TRANSACCIÓN | |
| campo de control | 20240818090533.0 |
| 008 - DATOS DE LONGITUD FIJA--INFORMACIÓN GENERAL | |
| campo de control de longitud fija | 991030e19980301 spa |
| 035 ## - NÚMERO DE CONTROL DEL SISTEMA | |
| Número de control de sistema | 560823 |
| 035 ## - NÚMERO DE CONTROL DEL SISTEMA | |
| Número de control de sistema | (OCoLC)819817050 |
| 040 ## - FUENTE DE LA CATALOGACIÓN | |
| Centro/agencia transcriptor | comduadb |
| 041 ## - CÓDIGO DE LENGUA | |
| Código de lengua del texto/banda sonora o título independiente | spa |
| 100 10 - ENTRADA PRINCIPAL--NOMBRE DE PERSONA | |
| Nombre de persona | Salinas Carmona, Mario César |
| Código de función | aut |
| Término indicativo de función/relación | Autor/a |
| 9 (RLIN) | 498959 |
| 245 13 - MENCIÓN DE TÍTULO | |
| Título | La inmunogenicidad de antigenos de Nocardia brasiliensis en ratones BALB/c |
| 650 ## - PUNTO DE ACCESO ADICIONAL DE MATERIA--TÉRMINO DE MATERIA | |
| Término de materia o nombre geográfico como elemento de entrada | Actinomycetes |
| 9 (RLIN) | 62459 |
| 650 ## - PUNTO DE ACCESO ADICIONAL DE MATERIA--TÉRMINO DE MATERIA | |
| Término de materia o nombre geográfico como elemento de entrada | Nocardia brasiliensis |
| 9 (RLIN) | 37090 |
| 650 ## - PUNTO DE ACCESO ADICIONAL DE MATERIA--TÉRMINO DE MATERIA | |
| Término de materia o nombre geográfico como elemento de entrada | Antigenos |
| 9 (RLIN) | 28364 |
| 650 ## - PUNTO DE ACCESO ADICIONAL DE MATERIA--TÉRMINO DE MATERIA | |
| Término de materia o nombre geográfico como elemento de entrada | Inmunogenética |
| 9 (RLIN) | 18578 |
| 650 #7 - PUNTO DE ACCESO ADICIONAL DE MATERIA--TÉRMINO DE MATERIA | |
| Término de materia o nombre geográfico como elemento de entrada | Anticuerpos |
| Fuente del encabezamiento o término | decs |
| 9 (RLIN) | 49114 |
| 700 10 - ENTRADA AGREGADA--NOMBRE PERSONAL | |
| Nombre de persona | Martinez Davila, Irma Alicia |
| Código de función | aut |
| Término indicativo de función/relación | Autor/a |
| 9 (RLIN) | 302538 |
| 700 10 - ENTRADA AGREGADA--NOMBRE PERSONAL | |
| Nombre de persona | Welsh, Oliverio |
| Código de función | aut |
| Término indicativo de función/relación | Autor/a |
| 9 (RLIN) | 302539 |
| 773 0# - ENLACE AL DOCUMENTO FUENTE/ENTRADA DE REGISTRO ANFITRIÓN | |
| Título | Ciencia UANL : Revista de Difusión Científica y Tecnológica de la Universidad Autonoma de Nuevo León (México) |
| Parte(s) relacionada(s) | Vol. 01, No. 01, Ene.-Mar. 1998, p. 30-33 |
| Número de control del registro | 554573 |
| Número bibliográfico anfitrión | 130690 |
| 942 ## - ELEMENTOS DE ENTRADA AGREGADA (KOHA) | |
| Tipo de ítem Koha | Artículo de Revista |
No hay ítems disponibles.